000 00920nam a22002297a 4500
999 _c64855
_d64855
005 20240530110754.0
008 181226s2017 ua ac f 000 |dara d
017 _a2001/7635
_bمصر. دار الكتب
020 _a9789770907177
040 _aEG-CaGPL
_cEG-CaGPL
082 0 4 _221
_a962.031 /
_bق/خ ك
100 0 _aخالد فهمى
245 1 0 _aكل رجال الباشا :
_bمحمد على وجيشة وبناء مصر الحديثة /
_cخالد فهمى ؛ ترجمة شريف يونس
250 _aط.7
260 _aالقاهرة :
_bدار الشروق ،
_c2017.
300 _a455 ص. :
_bايض ؛
_c24 سم.
651 0 7 _2qrmak
_aمصر
_xالاحوال السياسية
651 0 7 _2qrmak
_aمصر
_xتاريخ
_xالعصر الحديث
_yعصر محمد على ( 1805 - 1849 م )
700 0 _aشريف يونس
_eمترجم
942 _2ddc
_cBK